01193pab a2200121 454500008004000000100002200040245005700062260000900119300001100128520088200139650002101021773002901042180718b1997 xxu||||| |||| 00| 0 eng d aDreze, Jacques H. aPublic economics, public projects, and their funding c1997 ap.1-17 aThis paper illustrates the contribution of public economics to the analysis of public projects. The illustrations pertain to peak-load pricing (electricity) and to second-best pricing under a budget constraiant (subways), also taking into account the pricing of substitutes (rail versus canals, fixed link versus air or ferries). The paper next reviews some difficulties in evaluating costs and benefits (for the Channel tunnel), compares briefly private versus public implementation, then turns to funding. After reviewing the pricing of derivatives in the Capital Asset Pricing Model and the computation of risk premia for public projects, the case for funding public projects on world capital markets is presented and applied to the denomination of Third World debt. The paper ends on a plea to consider the merits of a "World Insurance Agency for Development". - Reproduced aPublic utilities aAsian Development Review